000 00506cam a2200145 4500500
005 20251012031723.0
041 _afre
042 _adc
100 1 0 _aDaudin, Claire
_eauthor
245 0 0 _aPoésie et judaïsme aux Cahiers de la Quinzaine
260 _c2025.
500 _a48
786 0 _nBulletin de l’Amitié Charles Péguy | 183-184 | 3 | 2025-02-21 | p. 307-314 | 0180-8567
856 4 1 _uhttps://shs.cairn.info/bulletin-de-l-amitie-charles-peguy-2024-3-page-307?lang=fr&redirect-ssocas=7080
999 _c1546310
_d1546310